Bài tập toán cao cấp. t.II, phép tính giải tích một biến số /
Đã lưu trong:
| 主要作者: | |
|---|---|
| 其他作者: | , , |
| 格式: | Sách giấy |
| 語言: | Vietnamese |
| 出版: |
H. :
Giáo dục,
2009.
|
| 主題: | |
| 標簽: |
添加標簽
沒有標簽, 成為第一個標記此記錄!
|
| Thư viện lưu trữ: | Thư viện Trường Đại học Đà Lạt |
|---|
| LEADER | 01015nam a2200373 4500 | ||
|---|---|---|---|
| 001 | DLU110123879 | ||
| 005 | ##20110815 | ||
| 040 | # | # | |a DLU |b vie |
| 041 | # | # | |a vie |
| 044 | # | # | |a vn |
| 082 | # | # | |a 515.076 |b NG-T |
| 100 | # | # | |a Nguyễn Đình Trí. |
| 245 | # | # | |a Bài tập toán cao cấp. |n t.II, |p phép tính giải tích một biến số / |c Nguyễn Đình Trí chủ biên, Tạ Văn Đĩnh, Nguyễn Hồ Quỳnh. |
| 260 | # | # | |a H. : |b Giáo dục, |c 2009. |
| 300 | # | # | |a 272 tr. ; |c 20 cm. |
| 653 | # | # | |a Hàm một biến |
| 653 | # | # | |a Sách bài tập |
| 653 | # | # | |a Số thực |
| 653 | # | # | |a Tích phân |
| 653 | # | # | |a Toán cao cấp |
| 700 | # | # | |a Nguyễn Đình Trí, |e chủ biên. |
| 700 | # | # | |a Nguyễn Hồ Quỳnh. |
| 700 | # | # | |a Tạ Văn Đĩnh. |
| 923 | # | # | |a 06/2008 |
| 990 | # | # | |a t.II |
| 992 | # | # | |a 16500 |
| 994 | # | # | |a DLU |
| 900 | # | # | |a True |
| 911 | # | # | |a Đào Thị Thu Huyền |
| 925 | # | # | |a G |
| 926 | # | # | |a A |
| 927 | # | # | |a SH |
| 980 | # | # | |a Thư viện Trường Đại học Đà Lạt |